| 000 | 01602nam a2200277Ia 4500 | ||
|---|---|---|---|
| 999 |
_c53781 _d53781 |
||
| 001 | 20831 | ||
| 003 | GE_BSU | ||
| 005 | 20210428142346.0 | ||
| 008 | 181216s2014||||ge |||||||||||||| ||geo|| | ||
| 020 | _a9789941215865 | ||
| 040 | _cGE_BSU | ||
| 041 | _ageo | ||
| 080 | _a821.112.2–31 ჰ–86 | ||
| 100 |
_aჰოფმანი, ე. თ. ა. _911674 |
||
| 245 |
_aკატა მურის ცხოვრებისეული ფილოსოფია : _bრომანი / _cე. თ. ა. ჰოფმანი ; გერმ. თარგმნა ნ. გოგოლაშვილმა ; რედ. : ლია შარვაშიძე ; ყდის დიზაინი ეთო გზირიშვილის. |
||
| 264 |
_aთბილისი : _bპალიტრა L, _c2014. |
||
| 300 |
_a492 გვ. ; _e22 სმ. |
||
| 440 |
_aკიდევ 49 წიგნი, რომელიც უნდა წაიკითხო, სანამ ცოცხალი ხარ. _vწიგნი 31 _911675 |
||
| 541 | _h8ლ.76თ. | ||
| 653 | _aკატა მურის ცხოვრებისეული ფილოსოფია | ||
| 653 | _aმხატვრული ლიტერატურა | ||
| 700 |
_aგოგოლაშვილმა, ნ. _eგერმანულიდან თარგმნა _911676 |
||
| 700 |
_aშარვაშიძე, ლია _eრედაქტორი _95787 |
||
| 700 |
_aგზირიშვილი, ეთო _eყდის დიზაინი _911677 |
||
| 942 |
_cBK _2udc |
||